000 00502nam a2200169Ia 4500
999 _c19510
_d19510
003 OSt
005 20200629115757.0
008 190216s9999||||xx |||||||||||||| ||und||
020 _a0711202443
040 _coclc
082 _a930
_bMIT/I
100 _aMitchell, James
_93308
245 4 _aThe Illustrated Reference Book Of Ancient History /
_cJames Mitchell
260 _bWinward Publications,
_c1982.
_aEngland;
300 _a170p
942 _cBK
_2ddc
_h930
_iMIT/I
_k930
_mMIT/I